Online Catalogue and eLibrary

Karalikara bikshuhu (Record no. 2353)

MARC details
000 -LEADER
fixed length control field 00378nam a2200145Ia 4500
005 - DATE AND TIME OF LATEST TRANSACTION
control field 20250612022919.0
008 - FIXED-LENGTH DATA ELEMENTS--GENERAL INFORMATION
fixed length control field 240331s9999 xx 000 0 und d
082 ## - DDC Classification
Item Number - Author Mark JAY
Class No. 322
100 ## - MAIN ENTRY--PERSONAL NAME
Personal name Jayawardena, K
245 #0 - TITLE STATEMENT
Title Karalikara bikshuhu
260 ## - PUBLICATION, DISTRIBUTION, ETC.
Place of publication, distribution, etc. Colombo
Name of publisher, distributor, etc. Centre For Society & Religion
300 ## - PHYSICAL DESCRIPTION
Extent (e.g. Volumes, Pages etc.) 22 p ., ( c 1)
500 ## - GENERAL NOTE
General note A book of rebellious the monks
942 ## - Koha item type (Biblio)
Koha item type Books in Stacks (Lending)
Holdings
Lost status Damaged status Collection code Home library Current library Shelving location Date acquired Full call number Accession Number Item type
    Lending WERC Library WERC Library Social Science Cupboard 03/31/2024 322.1 JAY 1284 Books in Stacks (Lending)

© WERC Library